00405nam a2200121Ia 4500008004100000100002800041245003100069245003000100260000900130856005200139999001900191952007300210160531s9999 xx 000 0 und d aLikharev, Konstantin K. aEssential Graduate Physics cby Konstantin K. Likharev c2013 uhttp://mysbfiles.stonybrook.edu/~klikharev/EGP/ c295205d295205 001040aCLbCLd2016-05-31l0r2016-05-31 00:00:00w2016-05-31yCBE